100 prénoms masculins les plus donnés dans les années 80 - Statistiques

Statistiques générales
  • Ce quiz a été pris 3 850 fois
  • Le résultat moyen est 54 sur 100
Statistiques - réponses
Hint Réponse % Correct
41 Jean
92%
78 Paul
88%
21 Pierre
88%
2 Julien
84%
1 Nicolas
83%
8 Thomas
81%
35 Antoine
80%
14 Christophe
79%
37 François
79%
53 Marc
79%
5 Alexandre
78%
6 David
77%
22 Kevin
77%
24 Olivier
77%
3 Sébastien
77%
27 Stéphane
77%
95 Patrick
74%
55 Eric
73%
33 Laurent
73%
54 Philippe
73%
10 Vincent
73%
20 Frédéric
72%
4 Guillaume
72%
64 Quentin
70%
12 Mathieu
69%
25 Maxime
69%
90 Michel
69%
7 Romain
69%
9 Anthony
68%
18 Jérôme
68%
16 Damien
67%
46 Xavier
67%
72 Charles
65%
26 Fabien
65%
49 Franck
63%
80 Pascal
63%
82 Thierry
63%
19 Benjamin
62%
44 Florent
62%
15 Jeremy
62%
51 Alexis
61%
13 Cedric
61%
100 Cédric
61%
57 Fabrice
60%
50 Yann
60%
73 Baptiste
59%
29 Benoît
59%
43 Clément
59%
34 Florian
59%
28 Arnaud
57%
61 Bruno
55%
45 Emmanuel
55%
96 Daniel
54%
30 Sylvain
54%
32 Gregory
53%
42 Adrien
52%
11 Jonathan
52%
23 Ludovic
52%
58 Raphaël
52%
60 Simon
52%
88 Bastien
51%
99 Gilles
51%
17 Mickael
51%
56 Samuel
49%
81 William
49%
93 Etienne
48%
36 Matthieu
47%
31 Aurélien
46%
40 Michael
46%
48 Yannick
46%
38 Loïc
45%
47 Rémi
44%
39 Cyril
43%
84 Bertrand
40%
77 Thibault
40%
67 Gaëtan
36%
68 Rémy
36%
89 Gaël
35%
94 Yohan
35%
59 Mohamed
32%
75 Jeremie
30%
83 Brice
29%
62 Lionel
29%
86 Steve
29%
63 Christopher
28%
98 Jean-François
26%
69 Dimitri
25%
74 Johan
25%
87 Thibaut
25%
52 Yoann
25%
66 Jean-Baptiste
24%
97 Renaud
22%
65 Tony
22%
71 Karim
20%
85 Yohann
20%
70 Geoffrey
19%
91 Morgan
19%
79 Jimmy
17%
76 Mehdi
17%
92 Teddy
13%
Aucun quiz correspondant
Distribution des résultats
% des personnes avec chaque résultat
Percentile par nombre de réponses
Votre historique - résultats
Vous n’avez pas pris ce quiz